Correct Your Common Errors In English/ (Record no. 202647)

MARC details
000 -LEADER
fixed length control field 00584nam a22001937a 4500
005 - DATE AND TIME OF LATEST TRANSACTION
control field 20240508154331.0
010 ## - LCCN (DPL NO)
LC control number ENG-140282
020 ## - INTERNATIONAL STANDARD BOOK NUMBER
International Standard Book Number 9788174821881
Terms of availability 265.00
035 ## - SYSTEM CONTROL NUMBER
System control number EN-123814
037 ## - SOURCE OF ACQUISITION
Source of stock number/acquisition DBAD
082 ## - DEWEY DECIMAL CLASSIFICATION NUMBER
Classification number 480
100 ## - MAIN ENTRY--PERSONAL NAME
Personal name Murthy, Jayanthi Dakshina
245 ## - TITLE STATEMENT
Title Correct Your Common Errors In English/
Statement of responsibility, etc By Jayanthi Dakshina Murthy
260 ## - PUBLICATION, DISTRIBUTION, ETC. (IMPRINT)
Place of publication, distribution, etc Agra
Name of publisher, distributor, etc Upkar Prakashan
270 ## - ADDRESS
Address 2/11A, Swadeshi Bima Nagar,
City Agra
Postal code 282002
300 ## - PHYSICAL DESCRIPTION
Extent 584p.:
Dimensions 22cm(pb)
700 ## - ADDED ENTRY--PERSONAL NAME
Personal name Murthy, Jayanthi Dakshina
9 (RLIN) 65564
942 ## - ADDED ENTRY ELEMENTS (KOHA)
Source of classification or shelving scheme Dewey Decimal Classification
Item type English Books
Classification part 480
Call number suffix MUR
Holdings
Withdrawn status Lost status Not for loan Collection code Home library Current library Date acquired Source of acquisition Cost, normal purchase price Full call number Barcode Copy number Cost, replacement price Koha item type
      Non-fiction Ashok Vihar Ashok Vihar 03/05/2024 DBAD 265.00 480 MUR EN-123814 1 265.00 English Books

© Delhi Public Library
Hit Counter
free hit counter